LEADER 01405nam--2200421---450- 001 990001106200203316 005 20090918134217.0 010 $a88-8415-058-2 010 $a978-88-8415-058-5 035 $a000110620 035 $aUSA01000110620 035 $a(ALEPH)000110620USA01 035 $a000110620 100 $a20021120d2007----km-y0itay50------ba 101 0 $aita 102 $aIT 105 $aa|||z|||001yy 200 1 $a<> didattica per la discalculia$e"Uno, due, dui..."$fNicoletta Galvan, Andrea Biancardi$ga cura della Associazione italiana dislessia 210 $aFirenze$cLibri liberi$d2007 215 $aIX, 134 p.$cill.$d24 cm 517 1 $a"Uno, due, dui..." 606 0 $aMatematica$xApprendimento [da parte dei] Bambini$xDisturbi$2BNCF 676 $a618.9285889 700 1$aGALVAN,$bNicoletta$0554353 701 1$aBIANCARDI,$bAndrea$0471225 712 02$aAssociazione italiana dislessia 801 0$aIT$bsalbc$gISBD 912 $a990001106200203316 951 $aII.4. 3832$b217035 L.M.$cII.4.$d00228570 959 $aBK 969 $aUMA 979 $aMARIA$b10$c20021120$lUSA01$h1252 979 $aPATRY$b90$c20040406$lUSA01$h1716 979 $aANNAMARIA$b90$c20090918$lUSA01$h1338 979 $aANNAMARIA$b90$c20090918$lUSA01$h1341 979 $aANNAMARIA$b90$c20090918$lUSA01$h1342 996 $aDidattica per la discalculia$9981036 997 $aUNISA LEADER 01246nam0-22004091i-450 001 990003715440403321 005 20230123152741.0 035 $a000371544 035 $aFED01000371544 035 $a(Aleph)000371544FED01 100 $a20101111d1978----km-y0itay50------ba 101 0 $aita 102 $aIT 105 $ay-------001yy 200 1 $a<>crisi del governo urbano$eistituzioni, strutture economiche e processi politici nelle cittą del capitalismo maturo$fPaolo Ceccarelli 210 $aVenezia$cMarsilio Editori$d1978 215 $a299 p.$d21 cm 225 1 $aBiblioteca Marsilio. Architettura e urbanistica$v31 610 0 $aCittą 676 $a711$v23$zita 700 1$aCeccarelli,$bPaolo$f<1934- >$032935 801 0$aIT$bUNINA$gREICAT$2UNIMARC 901 $aBK 912 $a990003715440403321 952 $aDPR 39-41$b7675$fDEC 952 $aDP XXIV-61$b5600$fDEC 952 $aR1-R4.116$b7491$fDECTS 952 $aURB.LE B 750$b2120/279$fFARBC 952 $aB 1540 CAN$b2097$fDARPU 952 $aLEPORE 708$bLEPORE 708$fFARBC 952 $aH 38 CAN$b38$fDARPU 959 $aDARPU 959 $aDEC 959 $aDECTS 959 $aFARBC 996 $aCrisi del governo urbano$9500593 997 $aUNINA